000
00205 a2200097 4500
001
23157
100
_a
Hasan, S M
245
_a
Muslim Creed & Culture
260
_a
_b
Daeer Ideal
_c
090
_c
15697
_d
15697
942
_a
NUST-CAE
_c
M
_c
6332
999
_c
258230
_d
258230